Online Catalogue and eLibrary

Puthiya Tamil Iyakkam (Record no. 6012)

MARC details
000 -LEADER
fixed length control field 00356nam a22001457a 4500
005 - DATE AND TIME OF LATEST TRANSACTION
control field 20250406051516.0
008 - FIXED-LENGTH DATA ELEMENTS--GENERAL INFORMATION
fixed length control field 250406b |||||||| |||| 00| 0 eng d
082 ## - DDC Classification
DDC Edition Number 22
Class No. 894
Item Number - Author Mark PUT
100 ## - MAIN ENTRY--PERSONAL NAME
Personal name K.MU. Pulavar, Saathan
245 ## - TITLE STATEMENT
Title Puthiya Tamil Iyakkam
260 ## - PUBLICATION, DISTRIBUTION, ETC.
Place of publication, distribution, etc. CXhennai
Name of publisher, distributor, etc. Anril Pathippagam
Date of publication, distribution, etc. 2007
300 ## - PHYSICAL DESCRIPTION
Extent (e.g. Volumes, Pages etc.) 152 p .,
650 ## - SUBJECT ADDED ENTRY--TOPICAL TERM
Topical term or geographic name entry element Poems
942 ## - Koha item type (Biblio)
Koha item type Books in Stacks (Lending)
Holdings
Lost status Damaged status Collection code Home library Current library Date acquired Full call number Accession Number Item type
    Lending WERC Library WERC Library 04/06/2025 894 PUT 5604 Books in Stacks (Lending)

© WERC Library